Statistiques concernant Les plus grands pays de l'Empire britannique

Cliquez ici pour prendre le quiz!

Statistiques générales

  • Ce quiz a été pris 7 583 fois
  • Le résultat moyen est 8 sur 14

Statistiques - réponses

%km2Pays% Correct
10010 000 000Canada
94%
1007 700 000Australie
92%
1003 200 000Inde
92%
252 400 000Etats-Unis
85%
1001 200 000Afrique du Sud
78%
100890 000Pakistan
61%
1001 000 000Égypte
58%
1001 900 000Soudan
48%
100920 000Nigeria
46%
100950 000Tanzanie
43%
100830 000Namibie
39%
100750 000Zambie
31%
100680 000Birmanie
30%
100650 000Afghanistan
27%

Distribution des résultats

Percentile par nombre de réponses

% des personnes avec chaque résultat

Votre développement - résultats

Vous n’avez pas pris ce quiz